Uso, tempo, possesso dei diritti. Una ricerca storica e di diritto positivo.

Guardat en:
Dades bibliogràfiques
Autor principal: Conte, Emanuele (autore)
Altres autors: Mannino, Vincenzo (autore), Vecchi, Paolo Maria (autore)
Format: Llibre
Publicat: Torino, Italia: G. Giappichelli Editore, 1999.
Col·lecció:Università Degli Studi "Roma Tre". Facoltà di Giurisprudenza - Dipartimento Studi Giuridici. Materiali Didattici
Matèries:
Etiquetes: Afegir etiqueta
Sense etiquetes, Sigues el primer a etiquetar aquest registre!

MARC

LEADER 00000nam a22000007a 4500
003 CL-VaPUC
005 20220822114753.0
008 220801t1999 ||||| |||| 00| 0 eng d
999 |c 437800  |d 437798 
020 |a 88-348-9079-5 
040 |c Pontificia Universidad Católica de Valparaíso 
082 7 |a 340 CON 1999  |2 22 
100 1 |a Conte, Emanuele  |e autore  |9 874468 
245 |a Uso, tempo, possesso dei diritti.  |b Una ricerca storica e di diritto positivo. 
260 |a Torino, Italia:   |b G. Giappichelli Editore,  |c 1999. 
300 |a 232 páginas. 
490 |a Università Degli Studi "Roma Tre". Facoltà di Giurisprudenza - Dipartimento Studi Giuridici.   |a Materiali Didattici  |n  5. 
500 |a c.1 Donación Familia Prof. Alejandro Guzmán Brito. 
583 |c 20220801  |k Catalogador Asistente 
650 |a Derecho   |x Posesión   |x Historia   |9 874521 
700 |a Mannino, Vincenzo  |e autore  |9 874469 
700 |a Vecchi, Paolo Maria  |e autore  |9 874470 
942 |2 ddc  |c BK  |n 0 
952 |0 0  |1 0  |2 ddc  |4 0  |6 340_000000000000000_CON_1999  |7 0  |8 C_AGB  |9 585628  |a BIBDER  |b BIBDER  |d 2022-08-01  |e Donación  |i 5653677  |o 340 CON 1999  |p 5653677  |r 2023-01-25  |t 1  |w 2022-08-01  |y BK_US  |k AGB